Carribean Countries - Statistics

General Stats
  • This quiz has been taken 285 times
  • The average score is 10 of 13
Answer Stats
Answer % Correct
Haiti
89%
Cuba
88%
Dominica
86%
Jamaica
85%
Dominican Republic
79%
Saint Lucia
79%
Bahamas
78%
Barbados
77%
Saint Vincent and the Grenadines
77%
Trinidad and Tobago
77%
Saint Kitts and Nevis
75%
Antigua and Barbuda
73%
Grenada
72%
No matching quizzes found
Score Distribution
Percent of People with Each Score
Percentile by Number Answered
Your Score History
You have not taken this quiz